Valorant Maps (Mis à jour tous les Mois). - Statistiques

Statistiques générales
  • Ce quiz a été pris 4 174 fois
    1 434 depuis la dernière actualisation
  • Le résultat moyen est 10 sur 18
Statistiques - réponses
Mode de Jeu Maps % Correct
#9 Standard Lotus
84%
#2 Standard Ascent
83%
#7 Standard Haven
82%
#4 Standard Breeze
81%
#3 Standard Bind
79%
#8 Standard Icebox
78%
#10 Standard Pearl
78%
#5 Standard Corrode
77%
#6 Standard Fracture
77%
#11 Standard Split
75%
#1 Standard Abyss
72%
#12 Standard Sunset
66%
#4 T-DeathMatch Piazza
23%
#1 Practice The Range
21%
#3 T-DeathMatch Kasbah
20%
#2 T-DeathMatch Drift
13%
#5 T-DeathMatch Glitch
13%
#1 T-DeathMatch District
10%
Aucun quiz correspondant
Distribution des résultats
% des personnes avec chaque résultat
Percentile par nombre de réponses
Votre historique - résultats
Vous n’avez pas pris ce quiz depuis la dernière actualisation